[Event "10th Mumbai Mayors Cup 2017"]
[Site "Mumbai"]
[Date "2017.06.09"]
[Round "8"]
[White "Ajay Karthikeyan"]
[Black "Raahul V S"]
[Result "1-0"]
[WhiteElo "2023"]
[BlackElo "2282"]
[Annotator "TA"]
[PlyCount "87"]
[EventDate "2017.06.04"]
[EventType "swiss"]
[EventCountry "IND"]
[SourceTitle "playchess.com"]
[Source "ChessBase"]
[SourceQuality "1"]

{[%evp 15,87,27,44,38,43,30,38,20,42,27,42,60,60,53,66,33,64,50,62,56,69,18,53,55,81,70,59,43,79,93,83,70,84,56,86,60,116,47,105,102,83,61,53,58,69,15,15,18,28,20,62,50,125,128,131,137,178,107,100,88,106,80,97,84,127,127,125,96,116,116,731,707,675,655]} 1. d4 f5 2. c4 Nf6 3. g3 e6 4. Nf3 d5 5. Bg2 Bd6 6. O-O O-O 7. Nc3 c6 8. b3 Bd7 9. e3 {A90: Dutch Defence: Miscellaneous and Modern Stonewall (with ...Bd6)} Be8 10. Bb2 Bh5 11. Ne2 {White is slightly better.} Qe7 12. Qc2 Ne4 13. Ne5 g5 14. f3 $146 {aiming for g4.} ({Predecessor:} 14. cxd5 cxd5 15. f3 Nf6 16. Rac1 Na6 17. Qd2 h6 18. Nc3 Nd7 19. Nb5 Bb4 {1-0 (34) Orzech,D (2472)-Bronowicki,M (2326) Rewal 2008}) 14... Nf6 $1 15. Nc3 Na6 16. a3 Rac8 17. b4 Nc7 18. Qd2 (18. c5 $14 Bxe5 19. dxe5) 18... Rcd8 19. e4 {Black must now prevent c5.} f4 20. gxf4 gxf4 21. exd5 cxd5 22. c5 Bxe5 23. dxe5 Nd7 24. Ne2 Qg5 25. Rae1 Rf5 {[#]} (25... Nxe5 $14 26. h4 Nc4 27. hxg5 (27. Qc3 $2 Qh6 $17) 27... Nxd2) 26. Kh1 (26. Nd4 $1 $16) 26... Qh4 (26... Nxe5 $14 27. Qc3 Qf6) 27. Nd4 Rg5 28. Qf2 Qxf2 29. Rxf2 Rxe5 30. Rxe5 (30. Rg1 $14 Re3 31. c6 bxc6 32. Nxc6) 30... Nxe5 $11 {[#]} 31. Nxe6 $1 {[%mdl 512]} Nxe6 32. Bxe5 Rf8 33. Kg1 Kf7 (33... Re8 $1 $14) 34. Rd2 $16 Rd8 35. Kf2 d4 {[#]} 36. Bd6 (36. Bf1 $1 $18) 36... Bg6 37. Bf1 b6 38. Ba6 d3 39. Bc4 (39. h4 {keeps more tension.} Bf5 40. h5 bxc5 41. bxc5 Kf6 42. Rd1) 39... Kf6 40. Bxd3 {And now Bc4 would win.} bxc5 41. Bxg6 hxg6 42. bxc5 Nxc5 $2 {[%mdl 8192] [#]} (42... Rc8 $16 43. Rd5 Rc6) 43. Be5+ $1 $18 {[%mdl 512]} Ke7 {[#]} (43... Kxe5 44. Rxd8) 44. Bf6+ $1 {[%mdl 512] Precision: White = 53%, Black = 37%.} 1-0

[Event "10th Mumbai Mayors Cup 2017"]
[Site "Mumbai"]
[Date "2017.06.09"]
[Round "8"]
[White "Shubham, Lakudkar"]
[Black "Mahalakshmi, M."]
[Result "1-0"]
[WhiteElo "2001"]
[BlackElo "2180"]
[Annotator "TA"]
[PlyCount "96"]
[EventDate "2017.06.04"]
[EventType "swiss"]
[EventCountry "IND"]
[SourceTitle "playchess.com"]
[Source "ChessBase"]
[SourceQuality "1"]

{[%evp 14,96,5,0,19,10,5,8,18,0,0,-4,16,13,16,13,24,12,16,10,106,100,146,128,170,121,175,119,130,127,120,87,142,134,158,154,224,110,164,152,157,164,150,148,82,59,323,443,444,439,433,329,306,345,352,282,273,256,852,797,937,920,964,951,935,897,1068,1071,1404,1316,1395,1395,1382,1373,1271,1212,1184,1183,1406,1381,1392,1372,29980,29982,29981]} 1. d4 Nf6 2. c4 e6 3. g3 d5 4. Bg2 Bb4+ 5. Bd2 Be7 6. Nf3 O-O 7. O-O c6 8. b3 Nbd7 {E11: Bogo-Indian} 9. Bc3 (9. Nc3 b6 10. Re1 Bb7 11. Bf4 Bb4 12. Qc2 dxc4 13. bxc4 c5 14. a3 Bxc3 15. Qxc3 Qc8 {½-½ (72) Inarkiev,E (2660)-Ding,L (2782) Baku 2015}) 9... b5 10. Nbd2 a5 {The position is equal.} 11. a3 $146 ({Predecessor:} 11. Ne5 Nxe5 12. dxe5 Nd7 13. cxb5 cxb5 14. e4 b4 15. Bd4 Ba6 {1-0 (27) Vera Gonzalez Quevedo,R (2430)-Vilela de Acuna,J (2445) Havana 1982}) 11... bxc4 12. bxc4 Ba6 13. c5 a4 14. Re1 Bb5 15. Qc2 Qc7 16. Bf1 e5 (16... Qa7 $11 {keeps the balance.}) 17. dxe5 $16 {[%cal Bd4e5,Be5e6][%mdl 32]} Ng4 18. e6 $1 {[%cal Re6d7]} Bxc5 19. e3 $1 {And now Bxb5 would win.} (19. exd7 Bxf2+ 20. Kh1 Bxe1 $11) 19... Bxf1 (19... fxe6 $2 20. Ng5 $18 (20. Bxb5 cxb5 21. Ng5 g6 $14)) 20. Nxf1 ({Don't play} 20. exd7 $6 Bb5 $16) ({White should play} 20. Rxf1 $18 fxe6 21. Ng5) 20... fxe6 21. Ng5 $1 {[%csl Gg5,LRe6,LRh7][%cal Rc2h7]} g6 22. Nxe6 $40 {[%mdl 128] White attacks with force.} Qa7 (22... Rxf2 $142 23. Qd1 (23. Nxc7 Rxc2 24. Nxa8 Rxc3 $17) (23. Qxf2 Qd6 $11) 23... Qd6 24. Qxg4 Nf6 25. Bxf6 Rxf6) 23. Nxf8 Rxf8 24. Re2 $1 Nde5 (24... Nge5 $16 25. h3 Qa6) 25. Ra2 (25. h3 $18 {and White stays clearly on top.} Nf3+ 26. Kg2) 25... Nf3+ (25... d4 $16 26. Bxd4 Bxd4) 26. Kg2 $1 $18 Qd7 27. h3 Nh6 {Strongly threatening ...Ng5.} 28. Qxa4 Ng5 29. Qh4 Qf5 $2 {[%mdl 8192]} (29... Ne4 $14 30. Ba1 Nf5) 30. Qxh6 {[%csl Gc3][%cal Rh6g7]} Qe4+ {[#]} 31. f3 $1 Qxf3+ 32. Kh2 {[%csl Gc3][%cal Rh6g7]} Ne6 {[#]} 33. Rf2 $1 {[%cal Rf2f3]} ({Not} 33. Re1 Be7 $16) 33... Qxf2+ 34. Rxf2 Rxf2+ 35. Kg1 Rf5 $2 (35... Rxf1+ 36. Kxf1 Be7) 36. Qh4 Ng5 37. Qa4 Ne4 38. Qa8+ Kf7 39. Qb7+ Ke6 40. Qxc6+ Ke7 41. g4 Rg5 {[#]} 42. Bf6+ $1 Nxf6 43. Qxc5+ Ke6 44. Qc6+ Ke7 45. a4 h5 46. Nh2 hxg4 47. hxg4 Nxg4 48. Qc7+ Ke6 {Precision: White = 81%, Black = 22%.} 1-0

[Event "10th Mumbai Mayors Cup 2017"]
[Site "Mumbai"]
[Date "2017.06.09"]
[Round "8"]
[White "Chandreyee, Hajra"]
[Black "Anand Nadar"]
[Result "1-0"]
[WhiteElo "1997"]
[BlackElo "2155"]
[Annotator "TA"]
[PlyCount "117"]
[EventDate "2017.06.04"]
[EventType "swiss"]
[EventCountry "IND"]
[SourceTitle "playchess.com"]
[Source "ChessBase"]
[SourceQuality "1"]

{[%evp 14,117,54,29,26,-35,-41,-58,-42,-50,-43,-70,-36,-34,-23,-63,-45,-43,-37,-45,0,-20,-15,-22,6,0,0,0,6,0,0,-60,-45,-48,-45,-44,-42,-64,-56,-70,-60,-110,-115,-111,-108,-110,-114,-215,-86,-85,-75,-132,-124,-135,-126,-134,-134,-120,-55,-61,-57,-60,0,-8,0,-7,-8,-17,-7,-141,8,-1,8,8,8,8,8,8,72,69,691,402,1184,652,29963,29964,29964,29965,29965,29965,29963,29966,29967,29967,29966,29967,29976,29977,29977,29978,29978,29978,29978,29978,29980,29981]} 1. e4 c5 2. Nf3 e6 3. d4 cxd4 4. Nxd4 a6 5. c4 Nf6 6. Nc3 Qc7 7. a3 Nc6 8. Nxc6 {LiveBook: 3 Games. B41: Sicilian: Kan Variation: 5 c4} (8. Be3 Ne5 9. f3 Be7 10. Rc1 O-O 11. Be2 Ng6 12. Qd2 b6 13. b4 Bb7 14. Na4 Rfb8 15. c5 bxc5 16. Nxc5 Qd8 {½-½ (54) Dominguez Perez,L (2734)-Svidler,P (2747) St Petersburg 2012}) 8... dxc6 9. g3 $146 (9. Be3 $11) ({Predecessor:} 9. Be3 e5 10. Be2 Be7 11. O-O O-O 12. Qc2 Be6 13. Na4 Nd7 14. Rad1 Rab8 15. Rd2 b6 {1-0 (30) Bracker,F (2427)-Dahl,T (2167) Fornebu 2016}) 9... e5 $15 10. Bg2 {Black is slightly better.} Bc5 11. Qc2 Be6 12. Nd1 Rd8 13. O-O Bd4 14. Be3 Ng4 15. Bxd4 Rxd4 16. b3 Qd7 17. f3 Nf6 18. Nf2 O-O 19. Rfd1 c5 20. Rxd4 cxd4 21. Nd3 Qc7 22. f4 (22. b4 $11) 22... Ng4 23. Nxe5 Nxe5 24. fxe5 Qxe5 {Threatens to win with ...d3!} 25. Qd3 h6 26. Rd1 Rd8 27. b4 {[#]} b5 $1 $36 {[%cal Rb5c4][%mdl 2048] Black is on the roll.} 28. c5 Bc4 29. Qd2 d3 30. Qf4 (30. c6 $17 {is a better defense.}) 30... Qb2 (30... Qd4+ $19 31. Qf2 Qc3) 31. c6 $17 Qd4+ 32. Kh1 (32. Qf2 $142) 32... g5 33. Qf5 {Black must now prevent c7.} Be6 34. Qc5 Qxc5 35. bxc5 {[%mdl 4096] Endgame KRB-KRB} Rc8 (35... Kf8 $17 36. Kg1 Rd4) 36. e5 $15 Bc4 $1 37. Kg1 Kg7 ({Black should try} 37... Kf8 $1 $15) 38. Kf2 $11 f6 39. exf6+ Kxf6 40. Ke3 Ke5 41. Rf1 {[#]} (41. Re1 $11) 41... h5 ({Black should play} 41... d2 $1 $17 {[%mdl 512]} 42. Rd1 (42. Kxd2 Bxf1) 42... Bd5 43. Rxd2 Bxg2 44. Rxg2 Rxc6) 42. Rf2 a5 43. Be4 {aiming for Rf5+.} Be6 44. Kxd3 Rd8+ 45. Ke3 Rd4 (45... b4 $11 {keeps the balance.}) 46. Bd3 $16 {And now c7 would win.} b4 $2 {[%mdl 8192]} (46... Rd5 $14) 47. axb4 axb4 (47... Rxb4 $142 48. Rf8 Kd5) 48. c7 Rd5 {[#]} 49. Rf5+ $3 {[%mdl 512] White mates.} Bxf5 50. Bxf5 Rxc5 51. c8=Q Rxc8 52. Bxc8 {KB-K3P} b3 53. Ba6 Kf5 54. Kf3 g4+ 55. Ke3 b2 56. Bd3+ Ke5 57. Bb1 h4 58. Bc2 hxg3 59. hxg3 {Precision: White = 47%, Black = 37%.} 1-0

[Event "10th Mumbai Mayors Cup 2017"]
[Site "Mumbai"]
[Date "2017.06.09"]
[Round "8"]
[White "Anisuzzaman, Jewel"]
[Black "Senthil Maran K"]
[Result "1-0"]
[WhiteElo "1985"]
[BlackElo "2152"]
[Annotator "TA"]
[PlyCount "120"]
[EventDate "2017.06.04"]
[EventType "swiss"]
[EventCountry "IND"]
[SourceTitle "playchess.com"]
[Source "ChessBase"]
[SourceQuality "1"]

{[%evp 19,120,56,75,45,70,71,72,39,99,71,81,56,83,77,133,134,131,89,91,95,95,93,89,88,184,172,263,260,258,254,506,499,498,492,517,539,641,638,639,623,595,256,260,256,259,257,258,259,260,253,264,241,243,244,245,239,242,244,252,252,347,333,333,247,365,355,338,335,333,255,255,255,255,255,289,297,297,261,367,455,635,622,620,587,383,368,12841,12841,12845,12845,12845,12846,12846,12846,12847,12847,12848,12848,12849,12848,12849,12849,12850]} 1. Nf3 d5 2. g3 Nf6 3. Bg2 g6 4. O-O Bg7 5. c4 c6 6. d4 O-O 7. Nc3 Ne4 8. Qb3 Nxc3 9. bxc3 dxc4 10. Qxc4 Nd7 11. a4 {[%cal Ba2a4,Ba4a5][%mdl 32] D78: Fianchetto Grünfeld: 6 0-0 c6} Nb6 (11... e5 12. a5 exd4 13. cxd4 Nf6 14. a6 Qd5 15. axb7 Bxb7 16. Ne5 Qxc4 17. Nxc4 Nd5 18. e3 Rfc8 {1-0 (45) Svidler,P (2739)-Slugin,S (2369) St Petersburg 2015}) 12. Qd3 Be6 13. Nd2 {White is better.} Qd7 $146 (13... c5 $14) ({Predecessor:} 13... a5 14. Qc2 Nc4 15. Nb3 Bf5 16. e4 Bg4 17. h3 Bc8 18. Qe2 Nb6 {½-½ (67) Perez Alcocer,J-Carvalho,F Sao Paulo 1960}) 14. a5 $16 Nd5 15. Ba3 Rfe8 16. Rfb1 $36 {[%mdl 2048] White has strong initiative.} Rad8 (16... b5 $142) 17. Bc5 Ra8 18. Ra3 b6 19. axb6 axb6 20. Rxa8 Rxa8 21. Bxb6 Ra3 (21... Nxb6 $16 22. Rxb6 Ra1+ 23. Rb1 Rxb1+ 24. Qxb1 c5) 22. Bc5 $18 Rxc3 (22... Ra2 $142 23. Nf3 Qe8) 23. Rb8+ Bf8 24. Qb1 Nc7 $2 (24... Nf6) 25. Qb2 Rxc5 26. dxc5 {[#] Rxf8+! would kill now.} f6 27. Rb7 Kf7 28. Nf1 Qc8 29. Rb8 Qd7 30. Qd2 (30. Qb6 $142 Nd5 31. Bxd5 Bxd5 32. Ne3) 30... Qxd2 31. Nxd2 Na6 32. Rb6 Nxc5 33. Rxc6 Nd7 34. Rc7 Bh6 35. Ne4 f5 36. Nc5 Nxc5 37. Rxc5 {[%mdl 4096] Endgame KRB-KB} Kf6 38. Bd5 Bd7 39. e3 Bf8 40. Rc7 Bb5 41. h4 h6 (41... e6 {keeps fighting.}) 42. Rb7 Ba4 43. Rb6+ Kg7 44. e4 fxe4 45. Bxe4 Be8 46. Kg2 h5 47. f3 {[%cal Bf2f3,Bf3g4,Bg4g5,Bg5g6][%mdl 32]} Bf7 48. g4 hxg4 (48... e6 $142 49. Bc2 Bc5) 49. fxg4 e6 50. Rb7 Kg8 51. Kf3 Bd6 52. g5 Bc5 $2 {[#]} (52... Be8 53. Rb6 Bh2 54. Rxe6 Bf7) 53. h5 $1 {White is clearly winning.} gxh5 54. g6 Be8 55. Rb8 Kf8 56. Bc6 Bd6 57. Rxe8+ Kg7 58. Rxe6 Bb4 59. Be4 Bc3 60. Re7+ Kf8 {Precision: White = 60%, Black = 35%.} 1-0

[Event "10th Mumbai Mayors Cup 2017"]
[Site "Mumbai"]
[Date "2017.06.09"]
[Round "8"]
[White "Mrudul Dehankar"]
[Black "Sauravh, Khherdekar"]
[Result "0-1"]
[WhiteElo "1942"]
[BlackElo "2230"]
[Annotator "TA"]
[PlyCount "110"]
[EventDate "2017.06.04"]
[EventType "swiss"]
[EventCountry "IND"]
[SourceTitle "playchess.com"]
[Source "ChessBase"]
[SourceQuality "1"]

{[%evp 9,110,-25,-23,-89,-18,-22,-20,-20,-19,-93,-12,-19,-18,-46,-21,-65,-1,-45,-41,-54,18,6,14,10,13,0,6,-10,-12,-10,0,-10,-14,-32,-31,-21,-29,-41,-41,-64,-67,-81,-83,-93,-93,-91,-88,-93,-94,-93,-96,-213,-69,-70,-79,-87,-45,-66,-70,-40,-78,-130,-126,-277,0,-364,-355,-342,-327,-377,-346,-352,-352,-390,-341,-333,-287,-321,-327,-389,-387,-372,-383,-365,-322,-383,-383,-383,-383,-586,-569,-592,-588,-582,-578,-734,-671,-870,-697,-1421,-1421,-939,-658]} 1. e4 {[%cal Be2e4,Be4e5][%mdl 32]} e6 2. Nf3 d5 3. Nc3 Nf6 4. e5 Nfd7 5. d4 c5 {LiveBook: 951 Games} 6. Bd3 {C11: French: Classical System: 4 e5 and 4 Bg5 dxe4} (6. dxc5 $11 {remains equal.} Bxc5 7. Be2) (6. Nb5 Nc6 7. c3 a6 8. Nd6+ Bxd6 9. exd6 cxd4 10. cxd4 Qb6 11. Bd3 Qb4+ 12. Bd2 Qxd6 13. O-O O-O {0-1 (32) Jobava,B (2713)-Morozevich,A (2731) Dubai 2014}) 6... Nc6 ({Black should play} 6... cxd4 $17 7. Nb5 Nc6) 7. dxc5 $11 Ndxe5 8. Nxe5 {The position is equal.} Nxe5 9. Bf4 $146 (9. Be3 $11) ({Predecessor:} 9. Be3 Nc6 10. Bb5 Be7 11. Bd4 O-O 12. Bxc6 bxc6 13. O-O e5 14. Bxe5 Bxc5 {½-½ (40) Baker,C (2307)-Cumbers,P (2218) Canterbury 2010}) 9... Nxd3+ (9... Nc6 $17) 10. Qxd3 Bd7 11. Qg3 Qa5 12. Be3 O-O-O (12... f6 $15) 13. O-O-O Rg8 14. Qf4 Bxc5 (14... Be8 $15) 15. Qxf7 Bxe3+ 16. fxe3 Qc5 17. Qf4 (17. Rd3 {feels hotter.} Qc7 18. Qh5 h6 19. Rhd1 Kb8 20. e4) 17... Rdf8 (17... Rgf8 {is more complex.} 18. Qg5 h6 19. Qg3 Rf7 20. Rhf1 Rxf1 21. Rxf1 Rf8) 18. Qd4 (18. Qg3 {keeps more tension.} g5 19. Kb1 h5 20. Rhf1 Rxf1 21. Rxf1 h4 22. Qf2) 18... Qxd4 19. exd4 Be8 20. Rhe1 Kd7 21. Rd2 Rf6 22. Nd1 Rgf8 23. Ne3 Bh5 24. g4 Bg6 25. b3 b5 26. Kb2 Rf2 27. Ree2 Rxe2 28. Rxe2 $17 {[%mdl 4096] Endgame KRB-KRN} Rf4 29. c3 {[#]} b4 $1 {[%mdl 512]} 30. a3 (30. Rd2 $17 {was called for.}) (30. cxb4 Rxd4) 30... Bd3 (30... bxc3+ $19 31. Kxc3 Re4) 31. Rd2 $15 bxc3+ 32. Kxc3 Ba6 {Threatens to win with ...Rf3.} 33. Rg2 {[#]} e5 $1 {[%mdl 512]} 34. Nxd5 (34. dxe5 d4+) 34... exd4+ 35. Kb4 (35. Kc2 $142 Re4 36. Nb4) 35... Re4 $17 {White must now prevent ...Kd6.} 36. Kc5 $2 (36. Rf2 $17 {keeps fighting.}) 36... Bb7 $2 ({Better is} 36... Re5 $19 {And now ...Ke6 would win.} 37. Kxd4 Rxd5+ $1 {[%mdl 512]} 38. Kxd5 Bb7+ 39. Kc5 Bxg2) 37. Rd2 $2 {[%mdl 8192] [#]} (37. Nb4 $11 {and White is okay.}) 37... Re5 $1 $19 38. Rxd4 {next Kc4 is good for White.} Ke6 {[%cal Rb7d5]} 39. Ra4 Rxd5+ {KRB-KR} 40. Kc4 Rd7 41. Kc5 Rc7+ 42. Kd4 Bf3 43. Ra6+ Kf7 44. h3 Bg2 45. h4 Bh3 46. g5 Bc8 47. Ra5 Kg6 48. b4 Kh5 49. a4 (49. g6+ $142 Kxg6 50. Ke5) 49... Kxh4 {Black is clearly winning.} 50. Re5 h5 51. gxh6 gxh6 52. Kd5 Bb7+ 53. Kd6 Rc6+ 54. Ke7 Rc4 55. Rb5 Bc6 {Precision: White = 29%, Black = 61%.} 0-1

[Event "10th Mumbai Mayors Cup 2017"]
[Site "Mumbai"]
[Date "2017.06.09"]
[Round "8"]
[White "Jishitha D"]
[Black "Aditya Mittal"]
[Result "1-0"]
[WhiteElo "1933"]
[BlackElo "2211"]
[Annotator "TA"]
[PlyCount "139"]
[EventDate "2017.06.04"]
[EventType "swiss"]
[EventCountry "IND"]
[SourceTitle "playchess.com"]
[Source "ChessBase"]
[SourceQuality "1"]

{[%evp 16,139,54,0,10,19,35,34,80,47,41,47,52,26,64,55,57,50,87,82,99,77,75,83,68,74,129,125,127,132,142,96,161,150,150,158,182,175,168,170,156,89,176,170,192,178,185,238,353,349,347,346,754,733,737,731,672,604,464,464,468,464,460,459,450,456,457,403,458,458,452,441,434,411,742,732,964,919,673,992,937,881,770,545,545,545,539,528,856,853,834,814,797,788,733,716,1212,830,12838,12839,12839,12839,12840,12840,12841,12841,12845,12845,12845,12846,12846,12846,12847,12847,12850,12849,12850,12849,12850,12850,12850,29989,29984,29990,29990,29991]} 1. d4 d5 2. c4 c6 3. Nc3 Nf6 4. e3 a6 5. Nf3 Bf5 6. cxd5 {D15: Slav Defence: 4 Nc3 a6 and gambit lines after 4 Nc3 dxc4} (6. Be2 e6 7. Nh4 Bg6 8. O-O Nbd7 9. g3 Be7 10. Nxg6 hxg6 11. Qc2 dxc4 12. Bxc4 Qa5 13. f3 c5 {½-½ (67) Svidler,P (2755)-Malakhov,V (2712) Sochi 2017}) 6... cxd5 7. Qb3 Ra7 8. Ne5 Nc6 9. Bd2 {LiveBook: 3 Games} e6 10. Qa4 Qb6 11. Rc1 {Hoping for Nd1.} Bb4 12. Nxc6 bxc6 13. a3 Bxc3 14. Bxc3 {Strongly threatening Ba5.} O-O 15. Bb4 $146 (15. Qb4 $5 {[%cal Rb4b6]} Rb7 16. Qxb6 Rxb6 17. f3 $14) 15... Rc8 {White should prevent ...a5.} 16. Qa5 $36 {[%mdl 2048] White has good play.} Qxa5 17. Bxa5 Nd7 18. Be2 e5 19. Kd2 c5 20. g4 Be4 (20... Bg6 $142) 21. f3 $16 Bg6 22. dxe5 $1 c4 23. b4 Nxe5 (23... h6 $16 {is a better defense.}) 24. f4 $18 Be4 25. fxe5 {Black must now prevent Rhf1.} c3+ 26. Rxc3 Rxc3 27. Kxc3 Bxh1 {[%mdl 4096] Endgame KRB-KB} 28. Kd4 ({White should play} 28. Bb6 Ra8 29. a4) 28... Ra8 (28... Kf8 $16 {was called for.}) 29. a4 {[%cal Ba3a4,Ba4a5,Ba5a6][%mdl 32]} Be4 30. Bb6 Bc2 {[#]} 31. a5 $1 Ba4 (31... Bb3 $142 32. b5 axb5) 32. Kxd5 Kf8 33. Kd6 Bc2 $2 (33... Rc8 34. Bxa6 Rc6+ 35. Kd5 Ke7) 34. b5 axb5 35. Bf3 Re8 36. a6 Re6+ 37. Kc7 Rxe5 38. a7 Re7+ 39. Kd6 Rxa7 40. Bxa7 b4 41. e4 f6 42. Bc5 b3 {And now ...b2 would win.} 43. Ke6+ Ke8 44. Bd4 Bd3 {[#]} (44... h6 $142 45. e5 fxe5 46. Bxe5 Kf8) 45. g5 $1 Bc4+ (45... fxg5 46. Bxg7) 46. Kf5 Kf7 47. gxf6 Be6+ 48. Kf4 gxf6 49. Ke3 Kg6 50. h4 Bc4 51. Kd2 f5 52. e5 f4 53. Bg4 Kf7 54. Kc3 Bd5 55. Bf5 h5 56. Kb4 f3 57. Kc5 Be6 58. Be4 b2 59. Bxb2 f2 {[#]} 60. Bg2 $1 Kg6 61. Bd4 Kf5 62. Kd6 Bc4 63. Bxf2 Kg4 64. e6 Bb5 65. e7 {White threatens Bc6 and mate.} Be8 66. Bc6 Bf7 67. e8=Q Bxe8 68. Bxe8 Kf3 69. Bxh5+ Kxf2 70. Be8 {Precision: White = 82%, Black = 37%.} 1-0

[Event "10th Mumbai Mayors Cup 2017"]
[Site "Mumbai"]
[Date "2017.06.10"]
[Round "9"]
[White "Amonatov, Farrukh"]
[Black "Grover, Sahaj"]
[Result "1-0"]
[WhiteElo "2635"]
[BlackElo "2485"]
[Annotator "TA"]
[PlyCount "39"]
[EventDate "2017.06.04"]
[EventType "swiss"]
[EventCountry "IND"]
[SourceTitle "playchess.com"]
[Source "ChessBase"]
[SourceQuality "1"]

{[%evp 17,39,35,34,17,28,0,0,-30,-12,-10,102,98,134,126,146,136,263,274,271,258,343,316,489,522]} 1. e4 c5 2. Nf3 d6 3. d4 cxd4 4. Nxd4 Nf6 5. Nc3 a6 6. h3 e6 7. g4 Be7 {B81: Sicilian Scheveningen: Keres Attack} (7... Nfd7 8. g5 b5 9. a3 Bb7 10. Be3 Nc6 11. h4 Be7 12. Qe2 Nde5 13. O-O-O Nc4 14. Nxc6 Bxc6 15. Bd4 {0-1 (43) Sethuraman,S (2633)-Yu,Y (2743) Chengdu 2017}) 8. Be3 b5 9. g5 Nfd7 {LiveBook: 38 Games. White is slightly better.} 10. Qd2 Bb7 11. Bg2 $146 ({Predecessor:} 11. a3 Nc6 12. O-O-O Rc8 13. Nxc6 Rxc6 14. f4 O-O 15. Rg1 {0-1 (46) Vuilleumier,A (2384)-Brunner,N (2442) Drancy 2016}) 11... O-O 12. f4 Nc6 13. e5 Nxd4 (13... b4 $11 {remains equal.} 14. Nxc6 Bxc6 15. Bxc6 bxc3 16. bxc3 (16. Qxc3 $2 Rc8 $19) 16... Rc8) 14. Bxb7 $16 {[#] Threatens to win with exd6.} dxe5 {aiming for ...Ra7.} 15. Bxa8 Qxa8 16. O-O-O $36 {[%mdl 2048] Strongly threatening fxe5. Black is under strong pressure.} Nf5 (16... Nb6 $16 {keeps fighting.}) 17. Qxd7 $18 Nxe3 18. Qxe7 Qg2 {[%csl Ge3][%cal Rg2c2]} 19. Kb1 b4 {[#]} (19... Qxc2+ {was worth a try.} 20. Ka1 Qg6) 20. Rd8 $1 ({Worse is} 20. Qxb4 Qxc2+ 21. Ka1 Qxd1+ 22. Rxd1 Nc2+ 23. Kb1 Nxb4 $15) 1-0

[Event "10th Mumbai Mayors Cup 2017"]
[Site "Mumbai"]
[Date "2017.06.10"]
[Round "9"]
[White "Tukhaev, Adam"]
[Black "Nguyen, Duc Hoa"]
[Result "0-1"]
[WhiteElo "2567"]
[BlackElo "2477"]
[Annotator "TA"]
[PlyCount "72"]
[EventDate "2017.06.04"]
[EventType "swiss"]
[EventCountry "IND"]
[SourceTitle "playchess.com"]
[Source "ChessBase"]
[SourceQuality "1"]

{[%evp 28,72,22,19,31,0,-15,-58,-50,-339,-350,-342,-150,-122,-21,-77,-156,-117,-26,-202,0,-202,-204,-205,-157,-175,-182,-133,-185,-163,-147,-366,-366,-363,-220,-561,-548,-950,-947,-937,-873,-924,-905,-882,-467,-881,-853]} 1. e4 c5 2. Nf3 d6 3. d4 cxd4 4. Nxd4 Nf6 5. Nc3 g6 6. Be3 Bg7 7. f3 Nc6 8. Qd2 O-O 9. g4 Be6 10. Nxe6 fxe6 11. O-O-O Ne5 12. Be2 Qc8 {B76: Sicilian Dragon: Yugoslav Attack, 9 g4 and 9 0-0-0} (12... Qa5 13. Kb1 Rac8 14. h4 Nfd7 15. f4 Nc4 16. Bxc4 Rxc4 17. e5 Nb6 18. Bxb6 axb6 19. Qe2 d5 20. f5 Rxc3 21. bxc3 {0-1 (37) Preotu,R (2495)-Jones,G (2665) chess.com INT 2017}) 13. Bh6 Bxh6 14. Qxh6 Qc5 15. h4 {LiveBook: 7 Games} b5 {Hoping for ...b4.} 16. Qd2 $146 ({Predecessor:} 16. h5 b4 17. Na4 Qf2 18. Rde1 gxh5 19. Rhf1 Qh2 20. Rh1 {½-½ (20) Kuerten,D (2130)-Cvak,R (2294) ICCF email 2010}) 16... h5 17. Nxb5 hxg4 18. h5 $2 {[%mdl 8192]} (18. Nd4 $15 gxf3 19. Bxf3) 18... gxf3 $19 19. Bf1 Nxh5 (19... Nxe4 $19 {is more deadly.} 20. Qh6 g5 21. Qxe6+ Rf7) 20. b4 $17 Qb6 {[#]} (20... Qc8 $1 $17 {...Rf6 is the strong threat.} 21. Rxh5 gxh5 22. Qg5+ Kf7 23. Rxd6 Ng6) 21. Rxh5 $1 $11 {[%mdl 512]} gxh5 22. Qg5+ Kf7 {[#]} (22... Kh7 $17 23. Qxh5+ Kg7) 23. Bc4 $1 {[%mdl 512]} f2 $2 ({Inferior is} 23... Nxc4 24. Qxh5+ Kg7 25. Qg5+ Kf7 26. Qh5+ Kg7 27. Qg5+ Kf7 28. Qh5+ $11) ({Black should play} 23... Rac8 $1 $19 {[%cal Rc8c4]} 24. Qxh5+ Ng6 25. Qxf3+ Kg7) 24. Nd4 $2 {[#]} (24. Qxh5+ $11 {and White has nothing to worry.} Kg7 25. Nd4 Nd3+ 26. cxd3 Qxd4 27. Qg5+ Kf7 28. Qh5+ Kg7 29. Qg5+ Kf7 30. Qh5+ Kg7) 24... Ke8 $1 $19 ({Worse is} 24... Nxc4 25. Qxh5+ Kf6 26. Qh6+ Kf7 27. Qh5+ Kf6 28. Qh6+ Kf7 29. Qh5+ $11) 25. Bb5+ {[#]} Qxb5 $1 {[%mdl 512]} 26. Nxb5 {aiming for Nc7+.} f1=Q 27. Rxf1 Rxf1+ 28. Kb2 {Strongly threatening Nc7+.} Kd7 {Threatens to win with ...Rb8.} 29. Qxh5 $2 (29. Nd4 $17 {was necessary.}) 29... Rf3 30. a4 Rb8 31. c3 $2 (31. Ka2) 31... Rg8 {Black is clearly winning.} 32. Nxa7 Rg2+ 33. Kb3 {[#]} Rff2 $1 {[%cal Rf2b2] ( -> ...Rb2+)} 34. a5 Ra2 {[%csl Ga2][%cal Rg2b2]} 35. c4 Rgb2+ 36. Kc3 Rh2 {Precision: White = 34%, Black = 52%.} 0-1